01269nam a2200253Ia 450000500170000000800410001702000220005804000140008004100130009408200170010710000360012411000420016024500490020226000290025130000330028033600270031333700330034033800290037350505290040265000270093165000230095894200170098199900170099820260703211444.0211116s2012 mx abodgr 000 0 mx d a978-607-8229-40-6 aBPGMbspa aspahspa a909.82 / L46 aLEÓN MANRÍQUEZ, JOSÉ LUIS aSECRETARÍA DE EDUCACIÓN PÚBLICA 0aTRANSFORMACIONES EN EL MUNDO CONTEMPORÁNEO aMÉXICO ;bSEP ,c2012. a441 páginasc24 X 19.7 cm. 2rdacontentatextobtxt 2rdamediaasin mediaciónbn 2rdacarrieravolumen bnc aEl propósito del módulo Transformaciones en el mundo contemporáneo es que analices el mundo actual a partir de algunas de las ideas y procesos sociales que lo han construido después de la Segunda Guerra Mundial: corrientes de pensamiento, desarrollo tecno-científico, migraciones, creaciones culturales, procesos económicos y sus crisis, guerras, revoluciones y organización política, con la finalidad de contar con elementos que propicien una participación activa y consciente en tu propio entorno social. aGEOGRAFÍA E HISTORIA aHISTORIA UNIVERSAL cGENERAL2ddc c68753d68753